[Event "Stockerau-Open 2005 A-Turnier"]
[Site "A-Turnier"]
[Date "2005.05.05"]
[Round "1"]
[White "Amberger, Dieter"]
[Black "Shengelia, David"]
[Result "0-1"]
[WhiteElo "2006"]
[BlackElo "2507"]
[PlyCount "55"]
[EventDate "2005.05.05"]

1. e4 c5 2. Nf3 d6 3. d4 cxd4 4. Nxd4 Nf6 5. Nc3 Nc6 6. Bg5 e6 7. Qd2 Be7 8.
O-O-O Nxd4 9. Qxd4 a6 10. f4 b5 11. Bd3 Bb7 12. Kb1 h6 13. Bh4 Qc7 14. Rhe1 Rd8
15. Bf2 O-O 16. Qb6 Qb8 17. h3 Nd7 18. Qd4 Bf6 19. Qb4 Nc5 20. e5 Nxd3 21. cxd3
dxe5 22. Ne4 Bxe4 23. Rxe4 exf4 24. Rxf4 Qe5 25. Re1 Qd5 26. d4 Rc8 27. g4 Bg5
28. Re5 0-1

[Event "Stockerau-Open 2005 A-Turnier"]
[Site "A-Turnier"]
[Date "2005.05.05"]
[Round "1"]
[White "Groetz, Harald"]
[Black "Kirchmayer, Heribert"]
[Result "1-0"]
[WhiteElo "2327"]
[BlackElo "1990"]
[PlyCount "71"]
[EventDate "2005.05.05"]

1. e4 c5 2. Nf3 d6 3. d4 cxd4 4. Nxd4 Nf6 5. Nc3 g6 6. Bc4 Bg7 7. h3 O-O 8. O-O
Nc6 9. Be3 Nd7 10. Bb3 Nc5 11. Qd2 Nxd4 12. Bxd4 Nxb3 13. axb3 Bxd4 14. Qxd4 a6
15. f4 Bd7 16. f5 Bc6 17. f6 exf6 18. Rxf6 Qe7 19. Rxd6 Rad8 20. Rxd8 Rxd8 21.
Nd5 Bxd5 22. exd5 Qg5 23. c4 Re8 24. Rf1 Re2 25. Rf2 Re1+ 26. Kh2 Qc1 27. Qf4
Qxf4+ 28. Rxf4 f5 29. c5 Rd1 30. d6 Rd5 31. b4 g5 32. Rf2 Kf8 33. Re2 b6 34.
Rc2 Ke8 35. c6 Kd8 36. c7+ 1-0

[Event "Stockerau-Open 2005 A-Turnier"]
[Site "A-Turnier"]
[Date "2005.05.05"]
[Round "1"]
[White "Filip, Daniel"]
[Black "Hangweyrer, Manfred"]
[Result "0-1"]
[WhiteElo "1969"]
[BlackElo "2316"]
[PlyCount "112"]
[EventDate "2005.05.05"]

1. e4 c5 2. Nf3 Nc6 3. d4 cxd4 4. Nxd4 Nf6 5. Nc3 g6 6. Be3 Bg7 7. Qd2 O-O 8.
Be2 d5 9. exd5 Nxd5 10. Nxc6 bxc6 11. Rd1 Be6 12. Bd4 Bxd4 13. Qxd4 Qb6 14.
Nxd5 Bxd5 15. O-O Rfb8 16. c4 Qxd4 17. Rxd4 Rxb2 18. cxd5 Rxe2 19. dxc6 Rc8 20.
Rc4 Rxa2 21. c7 Rb2 22. g3 Rb7 23. Rfc1 a5 24. Ra1 Rcxc7 25. Rxc7 Rxc7 26. Rxa5
Kg7 27. Kg2 f6 28. h4 e5 29. Rb5 Re7 30. Ra5 f5 31. Ra4 e4 32. Ra3 Kh6 33. Rb3
Kh5 34. Kh3 Rd7 35. Rb2 Rd3 36. Re2 Rf3 37. Kg2 Kg4 38. Re1 h6 39. Re2 Rb3 40.
Re1 Rb2 41. Re3 h5 42. Kf1 Rd2 43. Kg2 g5 44. hxg5 Kxg5 45. Re1 h4 46. gxh4+
Kxh4 47. Re3 Kg4 48. Re1 Kf4 49. Re3 Ke5 50. Kf1 f4 51. Ra3 f3 52. Ke1 Re2+ 53.
Kf1 Rb2 54. Ke1 Rb1+ 55. Kd2 Rf1 56. Ke3 Re1+ 0-1

[Event "Stockerau-Open 2005 A-Turnier"]
[Site "A-Turnier"]
[Date "2005.05.05"]
[Round "1"]
[White "Batyte, Daiva"]
[Black "Sadilek, Peter"]
[Result "1-0"]
[WhiteElo "2160"]
[BlackElo "1965"]
[PlyCount "93"]
[EventDate "2005.05.05"]

1. e4 e6 2. d4 d5 3. e5 c5 4. c3 Nc6 5. Nf3 Qb6 6. Be2 cxd4 7. cxd4 Nh6 8. Nc3
Nf5 9. Na4 Qa5+ 10. Bd2 Bb4 11. Bc3 b5 12. a3 Bxc3+ 13. Nxc3 b4 14. axb4 Qxb4
15. Qa4 Bd7 16. Qxb4 Nxb4 17. O-O Nc2 18. Rad1 h5 19. h4 Ke7 20. Rd2 Nb4 21.
Ra1 Rhb8 22. Bd1 Nc6 23. b3 Rb4 24. Na2 Rb6 25. Rc1 a5 26. Nc3 Rb4 27. Ne2 a4
28. bxa4 Na5 29. Ra2 Nc4 30. Nc3 Nb2 31. Bc2 g6 32. Rb1 Rc8 33. Nxd5+ exd5 34.
Rbxb2 Rxb2 35. Rxb2 Rc4 36. Bxf5 gxf5 37. Rb6 Rxa4 38. Rh6 Ra1+ 39. Kh2 Ra2 40.
Rxh5 Rxf2 41. Rh7 f4 42. h5 Bf5 43. Rg7 Ra2 44. Nh4 Be4 45. Ng6+ Bxg6 46. hxg6
Ra6 47. Rxf7+ 1-0

[Event "Stockerau-Open 2005 A-Turnier"]
[Site "A-Turnier"]
[Date "2005.05.05"]
[Round "1"]
[White "Englisch, Dieter"]
[Black "Schmid, Thomas"]
[Result "1/2-1/2"]
[WhiteElo "1895"]
[BlackElo "2146"]
[PlyCount "99"]
[EventDate "2005.05.05"]

1. e4 c5 2. Nf3 d6 3. d4 cxd4 4. Nxd4 Nf6 5. Nc3 e6 6. Be3 Be7 7. Bd3 Nc6 8.
O-O O-O 9. Qe2 a6 10. a4 Qc7 11. Nb3 b6 12. f4 Nb4 13. Rf3 Re8 14. Rh3 g6 15.
g4 Nd7 16. g5 Nf8 17. Qf2 Rb8 18. Rh6 f5 19. h4 Bd8 20. exf5 Nxd3 21. cxd3 exf5
22. h5 Bb7 23. Nd4 Qf7 24. Kh2 Bc7 25. Rg1 Re7 26. Rg3 Rbe8 27. hxg6 Nxg6 28.
Kg1 d5 29. Nce2 Qf8 30. Rgh3 Rf7 31. Qh2 Rg7 32. Bd2 Ree7 33. Bc3 Qc8 34. Nf3
Rxe2 35. Qxe2 Nxf4 36. Qf1 Nxh3+ 37. Qxh3 d4 38. Bxd4 Rd7 39. g6 Rxd4 40. Nxd4
Qe8 41. Nxf5 Qe2 42. Ne3 Bh2+ 43. Qxh2 Qxe3+ 44. Kf1 Qc1+ 45. Ke2 Qxb2+ 46. Ke3
Qc1+ 47. Qd2 Qg1+ 48. Kf4 Qd4+ 49. Kg3 Qg1+ 50. Kf4 1/2-1/2

[Event "Stockerau-Open 2005 A-Turnier"]
[Site "A-Turnier"]
[Date "2005.05.05"]
[Round "1"]
[White "Schirmbeck, Hannes"]
[Black "Rabl, Gerhard"]
[Result "1-0"]
[WhiteElo "2143"]
[BlackElo "1883"]
[PlyCount "147"]
[EventDate "2005.05.05"]

1. e4 d5 2. exd5 Qxd5 3. Nc3 Qa5 4. d4 c6 5. Nf3 Nf6 6. Bc4 Bf5 7. Bd2 Qc7 8.
O-O e6 9. Re1 Bd6 10. h3 O-O 11. Nh4 Bg6 12. Nxg6 hxg6 13. Qe2 Nbd7 14. Rad1
Rfe8 15. a3 a6 16. Bc1 c5 17. dxc5 Bxc5 18. Bb3 Bxa3 19. bxa3 Qxc3 20. Bf4 Rad8
21. Rd3 Qc8 22. Bg5 Nf8 23. Rf3 N8h7 24. Bc1 Nf8 25. g4 Re7 26. Bb2 N8h7 27. h4
Rde8 28. Rg3 Rd8 29. h5 g5 30. Rh3 e5 31. Rg3 Rde8 32. a4 Kh8 33. a5 Qd7 34.
Ba3 Qc7 35. Bxe7 Rxe7 36. Re3 e4 37. Ra1 Qe5 38. Ra4 Nf8 39. c3 N8d7 40. Bc2
Nc5 41. Rc4 Rd7 42. Kh1 Qc7 43. f3 Qxa5 44. fxe4 b6 45. e5 Nd5 46. Rf3 Nf4 47.
Rcxf4 gxf4 48. h6 g5 49. e6 fxe6 50. Qe5+ Kg8 51. h7+ Rxh7+ 52. Bxh7+ Kxh7 53.
Qxg5 Qa1+ 54. Kh2 Qb2+ 55. Kh3 Qc1 56. Qh5+ Kg7 57. Qe5+ Kh7 58. Kh4 Qh1+ 59.
Rh3 Qd5 60. Kg5+ Kg8 61. Qxd5 exd5 62. Kxf4 a5 63. Ke5 a4 64. Kxd5 a3 65. Kc4
Kg7 66. Rh2 Kg6 67. Ra2 Kg5 68. Rxa3 Kxg4 69. Kb5 Nd7 70. Ra7 Ne5 71. Kxb6 Kf5
72. Ra5 Ke6 73. Rxe5+ Kxe5 74. c4 1-0

[Event "Stockerau-Open 2005 A-Turnier"]
[Site "A-Turnier"]
[Date "2005.05.05"]
[Round "1"]
[White "Wetzenkircher, Markus"]
[Black "Ponjican, Erich"]
[Result "0-1"]
[WhiteElo "1881"]
[BlackElo "2117"]
[PlyCount "78"]
[EventDate "2005.05.05"]

1. e4 Nf6 2. Nc3 d5 3. exd5 Nxd5 4. Nxd5 Qxd5 5. Qf3 Be6 6. Be2 Nc6 7. c3 O-O-O
8. d4 Bf5 9. Qxd5 Rxd5 10. f4 f6 11. Nf3 g6 12. O-O Bg7 13. Bc4 Rd6 14. b3 e5
15. Ba3 Rdd8 16. fxe5 fxe5 17. Ng5 exd4 18. Nf7 dxc3 19. Nxd8 Rxd8 20. Rad1
Bd4+ 21. Kh1 Ne5 22. Bc1 Ng4 23. Bg5 Rd7 24. Rde1 c6 25. Bh4 Ne3 26. Rxf5 Nxf5
27. Bg5 Kc7 28. Be6 Rg7 29. b4 Kb6 30. a4 c5 31. Bd8+ Kc6 32. b5+ Kd6 33. Bb3
Ne3 34. Bg5 c4 35. Bxe3 Bxe3 36. Rxe3 cxb3 37. Rxc3 Rc7 38. Rd3+ Ke5 39. h3 b2
0-1

[Event "Stockerau-Open 2005 A-Turnier"]
[Site "A-Turnier"]
[Date "2005.05.05"]
[Round "1"]
[White "Langusch, Roman"]
[Black "Kolm, Robert"]
[Result "1/2-1/2"]
[WhiteElo "2088"]
[BlackElo "1840"]
[PlyCount "58"]
[EventDate "2005.05.05"]

1. e4 c5 2. Nf3 e6 3. d3 b6 4. g3 Bb7 5. Bg2 d6 6. O-O Nd7 7. Nc3 Ngf6 8. Nh4
Rb8 9. f4 Be7 10. Nf3 O-O 11. h3 b5 12. Nxb5 Bxe4 13. dxe4 Rxb5 14. e5 dxe5 15.
fxe5 Nh5 16. Kh2 g6 17. c4 Rb8 18. Qe2 Qc7 19. Bh6 Rfd8 20. Rae1 Re8 21. Ng5
Nxe5 22. Qxe5 Bd6 23. Qc3 Bxg3+ 24. Kg1 Bxe1 25. Rxe1 Qg3 26. Re3 Qd6 27. Ne4
Qd1+ 28. Kh2 Qd4 29. b3 Qxc3 1/2-1/2

[Event "Stockerau-Open 2005 A-Turnier"]
[Site "A-Turnier"]
[Date "2005.05.05"]
[Round "1"]
[White "Skopetz, Friedrich"]
[Black "Ebner, Johann"]
[Result "1/2-1/2"]
[WhiteElo "1822"]
[BlackElo "2059"]
[PlyCount "35"]
[EventDate "2005.05.05"]

1. a3 Nf6 2. e3 g6 3. d4 Bg7 4. Nf3 d6 5. b4 O-O 6. Bb2 c6 7. c4 d5 8. Nbd2 Bg4
9. Qb3 Nbd7 10. Rc1 Rc8 11. Bd3 Bxf3 12. Nxf3 e6 13. O-O a6 14. a4 Re8 15. Rfd1
dxc4 16. Bxc4 Qb6 17. a5 Qd8 18. Ne5 1/2-1/2

[Event "Stockerau-Open 2005 A-Turnier"]
[Site "A-Turnier"]
[Date "2005.05.05"]
[Round "1"]
[White "Hofbauer, Peter"]
[Black "Rauch, Christian"]
[Result "1-0"]
[WhiteElo "2033"]
[BlackElo "1804"]
[PlyCount "61"]
[EventDate "2005.05.05"]

1. e4 c6 2. d4 d5 3. exd5 cxd5 4. Nf3 Bg4 5. c4 Nf6 6. Nc3 Nc6 7. cxd5 Nxd5 8.
Be2 e6 9. O-O a6 10. Bg5 Nxc3 11. bxc3 Qc7 12. Qa4 Bd6 13. d5 Bxf3 14. Bxf3
exd5 15. Rfe1+ Be5 16. Qa3 f6 17. Bxd5 O-O-O 18. Be6+ Kb8 19. Be3 Bxh2+ 20. Kh1
Bd6 21. Qb2 Qa5 22. Bh3 Qa3 23. Qe2 Rhe8 24. Rab1 Re7 25. Qf3 Ka8 26. g3 Rde8
27. Red1 Rb8 28. Qd5 Rd8 29. Bg2 Qa5 30. Qxa5 Nxa5 31. Bb6 1-0

[Event "Stockerau-Open 2005 A-Turnier"]
[Site "A-Turnier"]
[Date "2005.05.05"]
[Round "1"]
[White "Schindler, Gerhard"]
[Black "Brehovsky, Paul"]
[Result "1/2-1/2"]
[WhiteElo "1802"]
[BlackElo "2028"]
[PlyCount "95"]
[EventDate "2005.05.05"]

1. Nf3 e6 2. g3 Nf6 3. Bg2 d5 4. O-O Be7 5. d3 O-O 6. Nbd2 c5 7. e4 Nc6 8. e5
Nd7 9. Re1 b5 10. Nf1 a5 11. h4 Ba6 12. N1h2 b4 13. Bf4 Rc8 14. h5 Re8 15. Ng4
c4 16. d4 c3 17. b3 Qb6 18. Bf1 Bxf1 19. Kxf1 a4 20. Qd3 Ra8 21. Kg2 Ra5 22.
Bg5 Qa6 23. Qxa6 Rxa6 24. Bxe7 Nxe7 25. Ne3 Rea8 26. Rad1 h6 27. g4 Nb8 28. Ng1
Nbc6 29. f4 axb3 30. axb3 Ra2 31. Kg3 Na7 32. Ra1 Nb5 33. Rxa2 Rxa2 34. Nf3 Nc6
35. Rd1 Na3 36. Rc1 Na5 37. Ne1 Kf8 38. g5 Nc6 39. Nf3 hxg5 40. fxg5 Rb2 41.
Kf4 Rb1 42. Rxb1 Nxb1 43. Ng2 Nd2 44. Nge1 Kg8 45. Ke3 Nf1+ 46. Kf4 Nd2 47. Ke3
Nf1+ 48. Kf4 1/2-1/2

[Event "Stockerau-Open 2005 A-Turnier"]
[Site "A-Turnier"]
[Date "2005.05.05"]
[Round "1"]
[White "Waller, Helmut"]
[Black "Rausch, Stefan"]
[Result "1/2-1/2"]
[WhiteElo "2023"]
[BlackElo "1769"]
[PlyCount "37"]
[EventDate "2005.05.05"]

1. d4 d5 2. Nf3 Nf6 3. e3 e6 4. c4 c6 5. Nbd2 Nbd7 6. Bd3 b6 7. O-O Bb7 8. e4
dxe4 9. Nxe4 Be7 10. Re1 O-O 11. Nfg5 c5 12. Nxf6+ Nxf6 13. Be3 Rc8 14. Rc1 Qc7
15. Qe2 h6 16. Nh3 Bd6 17. f4 cxd4 18. Bxd4 Bc5 19. Bxc5 1/2-1/2

[Event "Stockerau-Open 2005 A-Turnier"]
[Site "A-Turnier"]
[Date "2005.05.05"]
[Round "2"]
[White "Ponjican, Erich"]
[Black "Groetz, Harald"]
[Result "0-1"]
[WhiteElo "2117"]
[BlackElo "2327"]
[PlyCount "70"]
[EventDate "2005.05.05"]

1. e4 c5 2. Nf3 d6 3. d4 cxd4 4. Nxd4 Nf6 5. Nc3 Nc6 6. f3 e5 7. Nb3 Be7 8. Be3
O-O 9. Qd2 Be6 10. O-O-O a5 11. Bb5 Rc8 12. g4 Nb4 13. g5 Nd7 14. Kb1 Nb6 15.
Nxa5 d5 16. Bxb6 Qxb6 17. exd5 Rxc3 18. Qxc3 Nxd5 19. Qb3 Nc7 20. Nc4 Qxb5 21.
Qxb5 Nxb5 22. Nxe5 Bxg5 23. Nd7 Ra8 24. a3 Rc8 25. a4 Na7 26. Nb6 Rc5 27. b4
Rf5 28. Rhf1 h5 29. Kb2 Nc6 30. c3 Ne5 31. f4 Bxf4 32. Rd4 Bxh2 33. Rxf5 Bxf5
34. Nd5 Be6 35. Nf4 Bxf4 0-1

[Event "Stockerau-Open 2005 A-Turnier"]
[Site "A-Turnier"]
[Date "2005.05.05"]
[Round "2"]
[White "Hangweyrer, Manfred"]
[Black "Hofbauer, Peter"]
[Result "1-0"]
[WhiteElo "2316"]
[BlackElo "2033"]
[PlyCount "73"]
[EventDate "2005.05.05"]

1. Nf3 Nf6 2. g3 g6 3. b3 Bg7 4. Bb2 c5 5. c4 O-O 6. Bg2 Nc6 7. O-O d5 8. cxd5
Nxd5 9. Bxg7 Kxg7 10. Qc2 Qd6 11. Nc3 Be6 12. Ne4 Qd8 13. Nxc5 Qc8 14. Ng5 Nc7
15. Nxb7 Bd5 16. Rac1 Qxb7 17. Bxd5 Nxd5 18. Qxc6 Qxc6 19. Rxc6 Nb4 20. Rc4 Nd5
21. Rfc1 Rfd8 22. Nf3 Nb6 23. Rc7 Rac8 24. d4 Rxc7 25. Rxc7 Rd7 26. Rxd7 Nxd7
27. e3 f6 28. Kf1 e5 29. dxe5 fxe5 30. Ke2 Kf6 31. Kd3 Nc5+ 32. Kc4 Ne4 33. Kd5
Nc3+ 34. Kd6 Nxa2 35. Nxe5 Nc3 36. Nd3 g5 37. f3 1-0

[Event "Stockerau-Open 2005 A-Turnier"]
[Site "A-Turnier"]
[Date "2005.05.05"]
[Round "2"]
[White "Xia, Zhengguang"]
[Black "Batyte, Daiva"]
[Result "0-1"]
[WhiteElo "1664"]
[BlackElo "2160"]
[PlyCount "62"]
[EventDate "2005.05.05"]

1. e4 e5 2. Nf3 Nf6 3. d4 Be7 4. dxe5 Nxe4 5. Bd3 Nc5 6. O-O Nxd3 7. cxd3 O-O
8. Nc3 d5 9. Re1 c6 10. Bf4 Na6 11. d4 Bf5 12. a3 Nc7 13. b4 a5 14. bxa5 Ne6
15. Bd2 Qxa5 16. a4 Qa7 17. a5 Bg4 18. Ra4 b5 19. axb6 Qxb6 20. Ne2 Qb5 21.
Rxa8 Rxa8 22. Be3 Bb4 23. Bd2 Ra3 24. Qc1 Bxf3 25. gxf3 Rxf3 26. Kg2 Rb3 27.
Bxb4 Rxb4 28. Qe3 Rb3 29. Qc1 h6 30. Qc2 Rb2 31. Qd1 Qc4 0-1

[Event "Stockerau-Open 2005 A-Turnier"]
[Site "A-Turnier"]
[Date "2005.05.05"]
[Round "2"]
[White "Schmid, Thomas"]
[Black "Skopetz, Friedrich"]
[Result "1-0"]
[WhiteElo "2146"]
[BlackElo "1822"]
[PlyCount "109"]
[EventDate "2005.05.05"]

1. e4 e6 2. d4 d5 3. Nd2 dxe4 4. Nxe4 Nd7 5. Nf3 Be7 6. Bd3 Ngf6 7. Nxf6+ Nxf6
8. O-O O-O 9. Qe2 b6 10. Rd1 Bb7 11. c4 Qc8 12. d5 Bc5 13. dxe6 Bxf3 14. Qxf3
fxe6 15. Qh3 e5 16. Bf5 Qe8 17. Be3 Bd6 18. Re1 Qh5 19. Qxh5 Nxh5 20. Be6+ Kh8
21. Bd5 Rad8 22. g3 Nf6 23. Bf3 e4 24. Be2 Be5 25. Rab1 Bd4 26. Bf4 c5 27. Bd1
h6 28. h4 Rfe8 29. Kg2 Kg8 30. Bc2 Kf7 31. Re2 Re6 32. a3 Rde8 33. b4 R8e7 34.
b5 Ng4 35. Rbe1 Nf6 36. Kh3 Bc3 37. Rd1 Bd4 38. g4 Re8 39. Be3 Bc3 40. Kg3 Be5+
41. Kh3 Bb8 42. Red2 Be5 43. Rd8 Rxd8 44. Rxd8 Re8 45. Rxe8 Kxe8 46. g5 hxg5
47. hxg5 Nd7 48. Bxe4 Bb2 49. Bc6 Bxa3 50. g6 Bb2 51. Bg5 Be5 52. f4 Bd6 53. f5
Bf8 54. Kg4 Bd6 55. Kf3 1-0

[Event "Stockerau-Open 2005 A-Turnier"]
[Site "A-Turnier"]
[Date "2005.05.05"]
[Round "2"]
[White "Rausch, Stefan"]
[Black "Langusch, Roman"]
[Result "0-1"]
[WhiteElo "1769"]
[BlackElo "2088"]
[PlyCount "68"]
[EventDate "2005.05.05"]

1. d4 Nf6 2. c4 g6 3. Nc3 Bg7 4. e4 d6 5. f3 O-O 6. Be3 e5 7. dxe5 dxe5 8. Qxd8
Rxd8 9. Nd5 Ne8 10. O-O-O Bd7 11. g4 c6 12. Nc3 Na6 13. Nge2 Bf8 14. Ng3 Nec7
15. h4 Ne6 16. h5 Bc5 17. Bxc5 Naxc5 18. b4 Na6 19. a3 Nd4 20. Be2 Nc7 21. Kb2
Nce6 22. Nf1 Nf4 23. Rd2 Nfxe2 24. Nxe2 Nxf3 25. Rd3 Bxg4 26. Rxd8+ Rxd8 27.
hxg6 hxg6 28. Kc2 Ne1+ 29. Kc1 Bxe2 30. Ng3 Rd1+ 31. Kb2 Nd3+ 32. Kc2 Rxh1 33.
Nxh1 Bf3 34. Ng3 Nf2 0-1

[Event "Stockerau-Open 2005 A-Turnier"]
[Site "A-Turnier"]
[Date "2005.05.05"]
[Round "2"]
[White "Ebner, Johann"]
[Black "Schindler, Gerhard"]
[Result "1-0"]
[WhiteElo "2059"]
[BlackElo "1802"]
[PlyCount "49"]
[EventDate "2005.05.05"]

1. d4 Nf6 2. c4 e5 3. dxe5 Ng4 4. Nf3 Bc5 5. e3 Nc6 6. Bd2 Ngxe5 7. Nxe5 Nxe5
8. Bc3 Qe7 9. Be2 O-O 10. O-O a5 11. Nd2 d6 12. Nb3 Bb6 13. Nd4 Bd7 14. Qd2
Rfe8 15. Rae1 a4 16. Kh1 Rad8 17. f4 Ng4 18. Bxg4 Bxg4 19. e4 Qh4 20. f5 c6 21.
Qf4 d5 22. cxd5 Bxd4 23. Bxd4 Rxd5 24. Bf2 Rxf5 25. exf5 1-0

[Event "Stockerau-Open 2005 A-Turnier"]
[Site "A-Turnier"]
[Date "2005.05.05"]
[Round "2"]
[White "Brehovsky, Paul"]
[Black "Englisch, Dieter"]
[Result "1/2-1/2"]
[WhiteElo "2028"]
[BlackElo "1895"]
[PlyCount "32"]
[EventDate "2005.05.05"]

1. d4 Nf6 2. Nf3 g6 3. e3 Bg7 4. c4 d5 5. Nc3 O-O 6. b4 b6 7. Bb2 Bb7 8. cxd5
Nxd5 9. Nxd5 Qxd5 10. Bd3 c5 11. bxc5 bxc5 12. e4 Qd7 13. Rb1 cxd4 14. Bxd4
Bxd4 15. Nxd4 Rd8 16. Nf3 Ba6 1/2-1/2

[Event "Stockerau-Open 2005 A-Turnier"]
[Site "A-Turnier"]
[Date "2005.05.05"]
[Round "2"]
[White "Kolm, Robert"]
[Black "Waller, Helmut"]
[Result "1/2-1/2"]
[WhiteElo "1840"]
[BlackElo "2023"]
[PlyCount "91"]
[EventDate "2005.05.05"]

1. e4 c5 2. Nf3 e6 3. d4 cxd4 4. Nxd4 Nf6 5. Bd3 Nc6 6. Nxc6 dxc6 7. O-O e5 8.
Nc3 Be6 9. Qe2 h6 10. f4 Bc5+ 11. Kh1 exf4 12. Bxf4 Ng4 13. e5 Qd4 14. Ne4
O-O-O 15. Nxc5 Qxc5 16. h3 h5 17. Rf3 Kb8 18. Be3 Nxe3 19. Rxe3 Rd7 20. Rf1
Rhd8 21. a4 g6 22. b3 Bf5 23. Rff3 Qa3 24. Bxf5 Rd2 25. Qc4 gxf5 26. Rxf5 Qc1+
27. Rf1 Rd1 28. Ref3 Qg5 29. Qf4 Rxf1+ 30. Rxf1 Qxf4 31. Rxf4 Rd1+ 32. Kh2 Re1
33. Rxf7 Rxe5 34. Rh7 a5 35. g4 hxg4 36. hxg4 b5 37. axb5 Rxb5 38. Kg3 Kc8 39.
Rh5 Kd7 40. Kf4 Rb4+ 41. Kf5 a4 42. bxa4 Rxa4 43. Rh2 Ke7 44. Re2+ Kf7 45. g5
Ra3 46. Rd2 1/2-1/2

[Event "Stockerau-Open 2005 A-Turnier"]
[Site "A-Turnier"]
[Date "2005.05.05"]
[Round "2"]
[White "Sadilek, Peter"]
[Black "Amberger, Dieter"]
[Result "1-0"]
[WhiteElo "1965"]
[BlackElo "2006"]
[PlyCount "69"]
[EventDate "2005.05.05"]

1. e4 e5 2. Nf3 Nc6 3. Bb5 a6 4. Ba4 Nf6 5. O-O Be7 6. Re1 b5 7. Bb3 d6 8. c3
O-O 9. h3 Bb7 10. d4 Re8 11. Ng5 Rf8 12. Nf3 Re8 13. Nbd2 Bf8 14. Bc2 h6 15. a4
exd4 16. cxd4 Nb4 17. Bb1 c5 18. d5 Nd7 19. Ra3 f5 20. exf5 Rxe1+ 21. Nxe1 Bxd5
22. Ne4 Qe8 23. Re3 Qf7 24. Nf3 Nf6 25. Nxf6+ Qxf6 26. Bd2 Bf7 27. Bc3 Qd8 28.
f6 gxf6 29. Nh4 Bg7 30. Rg3 Kf8 31. Qg4 Bh8 32. Ng6+ Bxg6 33. Qxg6 Ke7 34. Qh7+
Ke6 35. Re3+ 1-0

[Event "Stockerau-Open 2005 A-Turnier"]
[Site "A-Turnier"]
[Date "2005.05.05"]
[Round "2"]
[White "Kirchmayer, Heribert"]
[Black "Wetzenkircher, Markus"]
[Result "1-0"]
[WhiteElo "1990"]
[BlackElo "1881"]
[PlyCount "79"]
[EventDate "2005.05.05"]

1. Nf3 c5 2. g3 d5 3. Bg2 Nc6 4. O-O Nf6 5. d3 e5 6. Nbd2 Bd6 7. e4 dxe4 8.
dxe4 Qc7 9. c3 b5 10. a4 b4 11. Qc2 Be6 12. Rd1 O-O 13. Ng5 h6 14. Nxe6 fxe6
15. Nc4 Be7 16. Bh3 Nd8 17. Be3 Nh7 18. Qd3 Bg5 19. Qd6 Qb7 20. Bxe6+ Nxe6 21.
Qxe6+ Kh8 22. Nxe5 Nf6 23. Ng6+ Kh7 24. Nxf8+ Rxf8 25. f4 Re8 26. Qf5+ g6 27.
Qxc5 Nxe4 28. Qxa7 Qxa7 29. Bxa7 Bf6 30. Rd7+ Kg8 31. Bd4 bxc3 32. bxc3 Rc8 33.
Bxf6 Nxf6 34. Rd3 Ne4 35. Ra3 Kf7 36. a5 g5 37. fxg5 Nxg5 38. a6 Ne6 39. a7 Ra8
40. Rd7+ 1-0

[Event "Stockerau-Open 2005 A-Turnier"]
[Site "A-Turnier"]
[Date "2005.05.05"]
[Round "2"]
[White "Rabl, Gerhard"]
[Black "Filip, Daniel"]
[Result "1-0"]
[WhiteElo "1883"]
[BlackElo "1969"]
[PlyCount "63"]
[EventDate "2005.05.05"]

1. d4 Nf6 2. c4 e6 3. Nc3 Bb4 4. Qc2 c5 5. dxc5 Na6 6. Nf3 Nxc5 7. Bd2 O-O 8.
e3 b6 9. Be2 Bb7 10. O-O Rc8 11. a3 Bxc3 12. Bxc3 Be4 13. Qd1 Qe7 14. b4 Nb7
15. Rc1 d5 16. Qb3 Nd6 17. cxd5 Nxd5 18. Bb2 f5 19. Nd2 Rxc1 20. Rxc1 Qh4 21.
g3 Qh3 22. Nxe4 Nxe4 23. Bd4 f4 24. exf4 Nxf4 25. Bf1 Nd2 26. Qd1 Nxf1 27. Qxf1
Qg4 28. Re1 Nh3+ 29. Kg2 Qf3+ 30. Kxh3 Rf5 31. Re5 Rf6 32. Be3 1-0

[Event "Stockerau-Open 2005 A-Turnier"]
[Site "A-Turnier"]
[Date "2005.05.06"]
[Round "3"]
[White "Batyte, Daiva"]
[Black "Shengelia, David"]
[Result "0-1"]
[WhiteElo "2160"]
[BlackElo "2507"]
[PlyCount "55"]
[EventDate "2005.05.05"]

1. e4 c5 2. Nf3 d6 3. d4 cxd4 4. Nxd4 Nf6 5. Nc3 Nc6 6. Bc4 e6 7. Be3 a6 8. Bb3
Na5 9. O-O b5 10. f4 b4 11. Na4 Nxb3 12. cxb3 Bb7 13. Nc2 Bxe4 14. Nxb4 a5 15.
Nd3 Be7 16. Nc3 Bb7 17. f5 e5 18. b4 axb4 19. Nxb4 d5 20. Nd3 d4 21. Qb3 Rb8
22. Nxe5 O-O 23. Rfd1 Bd5 24. Qc2 dxc3 25. bxc3 Qc7 26. Bd4 Bd6 27. Nf3 Bxf3
28. gxf3 0-1

[Event "Stockerau-Open 2005 A-Turnier"]
[Site "A-Turnier"]
[Date "2005.05.06"]
[Round "3"]
[White "Groetz, Harald"]
[Black "Hangweyrer, Manfred"]
[Result "0-1"]
[WhiteElo "2327"]
[BlackElo "2316"]
[PlyCount "128"]
[EventDate "2005.05.05"]

1. e4 d5 2. exd5 Qxd5 3. Nc3 Qd6 4. d4 Nf6 5. Nf3 a6 6. g3 Bg4 7. Bg2 Nc6 8.
O-O O-O-O 9. d5 Nb4 10. h3 Bh5 11. Bf4 Qc5 12. Be3 Qd6 13. Bf4 Qc5 14. Be3 Qd6
15. g4 Bg6 16. Qd4 Nxc2 17. Qa7 Nxe3 18. fxe3 Qb6 19. Qxb6 cxb6 20. Ne5 e6 21.
dxe6 fxe6 22. Na4 b5 23. Rac1+ Kb8 24. Nxg6 hxg6 25. Nc5 Bxc5 26. Rxc5 Rd2 27.
Re5 Re8 28. Rf2 Rd1+ 29. Kh2 Rd3 30. Re2 Re7 31. Kg3 b4 32. Be4 Rd1 33. Bxg6
Nd7 34. Rg5 b6 35. Bc2 Ra1 36. Bb3 Nc5 37. Rg6 a5 38. Bc4 a4 39. Kf4 Kc7 40.
Ke5 Rc1 41. Bb5 a3 42. e4 Rb1 43. bxa3 bxa3 44. Bc4 Rc1 45. Bb5 Rb1 46. Bc4 Rb2
47. Re3 Rc2 48. Bb5 Rxa2 49. Kd4 Rb2 50. Bc4 Rd7+ 51. Ke5 b5 52. Bxe6 Nxe6 53.
Rc3+ Kb8 54. Rxe6 b4 55. Rc5 a2 56. Ra5 b3 57. Re8+ Kb7 58. Rea8 Rc7 59. Ke6
Rc6+ 60. Ke7 Rb6 61. e5 Rc2 62. R5a7+ Kc6 63. Ke6 b2 64. Rc8+ Kb5+ 0-1

[Event "Stockerau-Open 2005 A-Turnier"]
[Site "A-Turnier"]
[Date "2005.05.06"]
[Round "3"]
[White "Langusch, Roman"]
[Black "Schmid, Thomas"]
[Result "1-0"]
[WhiteElo "2088"]
[BlackElo "2146"]
[PlyCount "109"]
[EventDate "2005.05.05"]

1. Nf3 Nf6 2. g3 g6 3. Bg2 Bg7 4. O-O O-O 5. d3 d6 6. e4 e5 7. Nc3 Nc6 8. h3
Nd7 9. Nd5 Ne7 10. Nxe7+ Qxe7 11. d4 exd4 12. Nxd4 Nc5 13. Re1 Re8 14. Nb3 Nxb3
15. axb3 Bd7 16. c3 Bc6 17. Be3 a5 18. Bd4 b6 19. f4 Rad8 20. Bxg7 Kxg7 21.
Qd4+ Kg8 22. Qc4 Qd7 23. Rad1 Re7 24. Qd4 Rde8 25. Re3 Qe6 26. b4 axb4 27. Qxb4
Ra8 28. Qd4 Ra4 29. b4 Ra2 30. Rd2 Ra1+ 31. Kh2 Re8 32. c4 Rea8 33. b5 Bb7 34.
e5 Bxg2 35. Kxg2 Qf5 36. exd6 cxd6 37. Rde2 R1a2 38. Qxd6 Rxe2+ 39. Rxe2 Rc8
40. Qd4 Qc5 41. Qxc5 Rxc5 42. Re4 h5 43. Kf3 Kg7 44. Ke3 Kf6 45. h4 Kf5 46. Kd3
Rc7 47. Re5+ Kg4 48. Rg5+ Kf3 49. Kd4 Rc8 50. f5 Rd8+ 51. Kc3 Rd6 52. fxg6 fxg6
53. c5 bxc5 54. Kc4 Rf6 55. Kxc5 1-0

[Event "Stockerau-Open 2005 A-Turnier"]
[Site "A-Turnier"]
[Date "2005.05.06"]
[Round "3"]
[White "Schirmbeck, Hannes"]
[Black "Ebner, Johann"]
[Result "1-0"]
[WhiteElo "2143"]
[BlackElo "2059"]
[PlyCount "99"]
[EventDate "2005.05.05"]

1. Nf3 b5 2. d4 Nf6 3. Bg5 Bb7 4. Nbd2 d5 5. e3 a6 6. Bxf6 gxf6 7. Bd3 Nd7 8.
c3 e5 9. Nh4 e4 10. Bc2 h5 11. O-O f5 12. g3 Qg5 13. Kh1 Bd6 14. f4 Qf6 15. Qe2
Nf8 16. a4 c6 17. b3 Ng6 18. Nxg6 Qxg6 19. axb5 cxb5 20. c4 Rc8 21. c5 h4 22.
gxh4 Rxh4 23. b4 Kd7 24. Rg1 Rg4 25. Rxg4 fxg4 26. Bd1 Be7 27. Qxg4+ Kc7 28.
Be2 Qxg4 29. Bxg4 Rg8 30. Bh5 Bh4 31. Bxf7 Rg7 32. Be6 Bf2 33. f5 Bxe3 34. f6
Rh7 35. Bg8 Rd7 36. Nb3 Bh6 37. Kg2 Rd8 38. f7 Rf8 39. Rf1 Bg7 40. Kg3 Bc8 41.
h4 Kd8 42. Kf4 Bh6+ 43. Ke5 Ke7 44. Rg1 Rd8 45. h5 Kf8 46. Rg6 Bg7+ 47. Kf4 Rd7
48. h6 Bh8 49. c6 Re7 50. Rd6 1-0